Statistics for Which scandinavian country? (multiple choice)

Click here to take the quiz!

General Stats

  • This quiz has been taken 275 times
  • The average score is 10 of 15

Answer Stats

QuestionAnswer% Correct
Southernmost pointDenmark
94%
Highest populationSweden
90%
Northernmost pointNorway
89%
Longest coastlineNorway
85%
Highest mountainNorway
83%
Largest capital citySweden
76%
Highest GDP per capitaNorway
73%
Largest areaSweden
72%
Most populated islandDenmark
71%
Largest road systemSweden
63%
Busiest airport (by passenger traffic)Denmark
58%
Highest number of FIFA World Cup appearancesSweden
55%
Busiest port (by tons of cargo)Norway
37%
Most international touristsDenmark
33%
Most overseas territoriesNorway
20%

Score Distribution

Percentile by Number Answered

Percent of People with Each Score

Your Score History

You have not taken this quiz